000 01951cam a22005174i 4500
003 PE-LiUPU
005 20250731172704.0
008 150616s r 000 0 d
020 _a027100729X
035 _a(Sirsi) i9780271007298
040 _aPE-LiUPU
_bspa
_cPE-LiUPU
_erda
049 _aPRUA
082 0 4 _a296.4
_bA57
_221
100 1 _aAnderson, Gary A.,
_eautor.
245 1 2 _aA time to mourn, a time to dance; the expresion of grief and joy in Israelite religion /
_cGary A. Anderson.
264 1 _aUniversity park, Pennsylvania :
_bThe pennsylvania state university press,
_c1991.
300 _a139 páginas ;
_c23 centímetros.
336 _atext
_2rdacontent
337 _aunmediated
_2rdamedia
338 _avolume
_2rdacarrier
504 _aBibliografía al pie de páginas.
505 0 _aIntroduction: The expression of emotion in cross-cultural perspective -- The behavioral expression of grief and joy in the life of the individual -- The expression of grief and joy in the life of the community.
526 _aSEG42
526 _aSEG41
526 _aSEG40
526 _aSEG39
526 _aP94
526 _aP87
526 _aP86
526 _aP85
526 _aP77
526 _aP76
526 _aP35
630 _aBiblia.
_pA.T.
_xCrítica, interpretación, etc.
650 0 4 _aAlegría
_xEnseñanza bíblica.
_95121
650 0 4 _aGozo
_xJudaísmo.
650 0 4 _aLamentos en la Biblia.
650 0 4 _aLiteratura rabínica
_xHistoria y crítica.
910 _ajck
_bjvq
_cjck
942 _2ddc
_cBOOK
949 _a296.4 A57
_wDEWEY
_c1
_i43680
_lCCODEBUL1
_mBUL
_r0
_sY
_tBOOK
_u2015-6-16
_xTEOLOGIA
_PP35
_0COMPRA
_o.STAFF. Colección General
994 _aC0
_bPEPRU
596 _a1
999 _a296.4 A57
_wDEWEY
_c148
_i43680
_f2021-11-11
_g4
_lCCODEBUL1
_mBUL
_r0
_sY
_tBOOK
_u2015-6-16
_xTEOLOGIA
_PP35
_0COMPRA
_o.STAFF. Colección General
_d148
980 _81
_gALBERTO SANCHEZ Responsable de Automatización